| 000 | 01444cam a22003614a 4500 | ||
|---|---|---|---|
| 001 | 12821929 | ||
| 003 | PILC | ||
| 005 | 20150317122800.0 | ||
| 008 | 020618s2002 nyua b 001 0 eng | ||
| 010 | _a 2002026374 | ||
| 020 | _a0471073806 (cloth : alk. paper) | ||
| 040 |
_aDLC _cDLC _dDLC |
||
| 042 | _apcc | ||
| 050 | 0 | 0 |
_aT 58.5 _b.T87 2003 |
| 082 | 0 | 0 | _a658/.05 |
| 100 | 1 | _aTurban, Efraim. | |
| 245 | 1 | 0 |
_aIntroduction to information technology / _cEfraim Turban, R. Kelly Rainer, Jr., Richard E. Potter. |
| 246 | 3 | 0 | _aInformation technology |
| 250 | _a2nd ed. | ||
| 260 |
_aNew York : _bJohn Wiley & Sons, _cc2003. |
||
| 300 |
_a1 v. (various pagings) : _billustrations ; _c27 cm. |
||
| 504 | _aIncludes bibliographical references and index. | ||
| 650 | 0 | _aInformation technology. | |
| 650 | 0 | _aManagement information systems. | |
| 700 | 1 |
_aRainer, R. Kelly, _cJr., _d1949- |
|
| 700 | 1 | _aPotter, Richard E. | |
| 856 | 4 | 2 |
_3Publisher description _uhttp://www.loc.gov/catdir/description/wiley036/2002026374.html |
| 856 | 4 | 1 |
_3Table of contents only _uhttp://www.loc.gov/catdir/toc/wiley031/2002026374.html |
| 856 | 4 | 2 |
_3Contributor biographical information _uhttp://www.loc.gov/catdir/enhancements/fy0613/2002026374-b.html |
| 906 |
_a7 _bcbc _corignew _d1 _eocip _f20 _gy-gencatlg |
||
| 942 |
_2lcc _cBK |
||
| 999 |
_c283765 _d283765 |
||